| 000 | 00000nam 2200000za 4500 |
| 001 | 9.843568 |
| 003 | CaOODSP |
| 005 | 20221107152542 |
| 007 | cr ||||||||||| |
| 008 | 171106s1985 onc |o f|0| 0 eng d |
| 040 | |aCaOODSP|beng |
| 043 | |an-cn--- |
| 086 | 1 |aNH15-652/1985E-PDF |
| 100 | 1 |aMathewson, G. Frank, 1942- |
| 245 | 10|aCompetition in the Canadian Mortgage Insurance industry |h[electronic resource] / |cby G.F. Mathewson. |
| 260 | |a[Ottawa] : |bCMHC, |c1985. |
| 300 | |a10 p. |
| 500 | |a"February 1985." |
| 500 | |aDigitized edition from print produced 2015 [for Canada Mortgage and Housing Corporation]. |
| 504 | |aIncludes bibliographic references. |
| 520 | |a"The purpose of this brief report is to present alternatives open to the Government of Canada to encourage competition and the complementary beneficial results of an approved allocation of resources in the Canadian Mortgage Insurance industry"--Introd. |
| 692 | 07|2gccst|aMortgage insurance |
| 710 | 2 |aCanada Mortgage and Housing Corporation. |
| 856 | 40|qPDF|s344 KB|uhttps://publications.gc.ca/collections/collection_2017/schl-cmhc/nh15/NH15-652-1985-eng.pdf |